Proischoždenije i rannaja istorija aborigenov Avstralii.

Uložené v:
Podrobná bibliografia
Hlavný autor: Kabo, Vladimir Rafailovič 1925-2009 (Author)
Médium: Kniha
Jazyk:Russian
Vydané: Moskva : Nauka, 1969.
Fyzický popis: 406 strán.
Tagy: Pridať tag
Žiadne tagy, Buďte prvý kto otaguje tento záznam!

MARC

LEADER 00000nam a22000002i 4500
001 000657621
005 20210216124636.0
008 210216s1969 ru e 000 0 rus d
020 |c Kčs 24,50  |q (viazané) 
040 |a SVKKK  |b slo  |c SVKKK  |e rda 
100 1 |a Kabo, Vladimir Rafailovič  |d 1925-2009  |4 aut 
245 1 0 |a Proischoždenije i rannaja istorija aborigenov Avstralii. 
264 1 |a Moskva :  |b Nauka,  |c 1969. 
300 |a 406 strán. 
336 |a text  |b txt  |2 rdacontent 
337 |a bez média  |b n  |2 rdamedia 
338 |a zväzok  |b nc  |2 rdacarrier 
500 |a Záznam revízie 
910 |a svkkk 
998 |a BK 
090 |g SCKHL  |k Sklad Pribinova 2. posch.  |a III.98429  |j 435961  |i 2720771396  |4 Zastaraná  |s Vyradená